=LDR 00000nam 2200000 4500 =001 NUTBA000000000000500 =005 20210308083536 =035 ##$$a 0010-031400000000499 =008 210308################g##########0#ind## =020 ##$$a 979-421-712-3 =082 ##$$a 336.271 =100 1#$$a Sukardji, Untung =245 1#$$a Pajak pertambahan nilai /$c Untung Sukardji =260 ##$$a Jakarta :$b rajawali pers,$c 2008 =300 ##$$a xiv, 230 hlm : $b Ilus ; $c 23 x 15 cm =440 ##$$a sebuah pemaham,an dan tinjauan yuridis =850 ##$$a NBPNMAT =084 ##$$a 336.271 SUK =650 #4$$a Pajak dan perpajakan =250 ##$$a cet.7 =520 ##$$a Bibliografi hal, 531 =990 ##$$a 20801684 =990 ##$$a 20801685 =990 ##$$a 20801683 =990 ##$$a 20611764 =990 ##$$a 20801686